000 00305nam a22001217a 4500
008 160518b xxu||||| |||| 00| 0 eng d
020 _a9780781773904
020 _a0781773903
041 _aeng
080 _a61
245 _aThe essential guide to primary care procedures:
_cE.J. Mayeaux;
942 _2udc
_cBK
999 _c2165
_d2165